000 00416nam a2200181Ia 4500
001 8388
005 20260306160605.0
008 260306t2009||||xx |||||||||||||| ||spa||
041 _aESP
082 _a370.7
_bZ89
100 _aDe Zubiría Samper, Julián
_eAUT
245 0 _a¿Cómo investigar en educación ?
260 _c2009
300 _a
_c
650 _aGEN
654 _aCED
942 _cLIB
_dJUS
_fJUS
_2ddc
_n
999 _c8388
_d8388